Cómo hacerlo?: propuestas para educar en la diversidad
Uloženo v:
| Hlavní autoři: | , , , , , , , , , , |
|---|---|
| Médium: | Kniha |
| Jazyk: | španělština |
| Vydáno: |
Barcelona
Graó
2000
|
| Vydání: | 1a. ed |
| Edice: | Pedagogía. Teoría y Práctica, 147
|
| Témata: | |
| Tagy: |
Přidat tag
Žádné tagy, Buďte první, kdo vytvoří štítek k tomuto záznamu!
|
MARC
| LEADER | 00000nam a2200000 a 4500 | ||
|---|---|---|---|
| 001 | UCM4011 | ||
| 003 | CL-VaPUC | ||
| 008 | 020726e20000600SP |||||||||||||||||spa|d | ||
| 020 | |a 8478272291 | ||
| 082 | 0 | 4 | |a 370.15 |b ALD |2 21 |
| 100 | 0 | |a Aldámiz-Echevarría Iraurgui, María del Mar |e author |9 470502 | |
| 700 | 0 | |a Alsinet Caballeria, Josep |e author |9 470503 | |
| 700 | |a Bassedas Ballús, Eulalia |e author |9 555564 | ||
| 700 | |a Giné Freixes, Núria |e author |9 555561 | ||
| 700 | 0 | |a Masalles Román, Josep |e author |9 470506 | |
| 700 | 0 | |a Masip Utset, María |e author |9 470507 | |
| 700 | 0 | |a Muñoz Martínez, Emili |e author |9 470508 | |
| 700 | 0 | |a Notó Brullas, Cesc |e author |9 470509 | |
| 700 | 0 | |a Ortega Leyva, Angeles |e author |9 470510 | |
| 700 | 0 | |a Ribera Crusafont, Montserrat |e author |9 470511 | |
| 700 | 0 | |a Rigol Muxart, Ambert |e author |9 470512 | |
| 245 | 1 | 0 | |a Cómo hacerlo?: propuestas para educar en la diversidad |
| 250 | |a 1a. ed | ||
| 300 | |a 156 p | ||
| 942 | |c BK | ||
| 945 | |d 20020726 00:00:00 |a vberengu | ||
| 260 | |a Barcelona |b Graó |c 2000 | ||
| 650 | 0 | |a Educación |9 258661 | |
| 650 | 0 | |a Psicología educacional |9 307830 | |
| 650 | 0 | |a Docentes |9 311365 | |
| 650 | 7 | |a ESTRATEGIAS EDUCATIVAS |2 CL-VaPUC |9 406967 | |
| 583 | |a last modification |c 20020726 00:00:00 |k Rodrigo Vera | ||
| 490 | 0 | |a Pedagogía. Teoría y Práctica, 147 | |
| 999 | |c 300926 |d 300924 | ||
| 952 | |0 0 |1 0 |4 0 |6 370_150000000000000_ALD_2000 |7 0 |8 A |9 359341 |a BIBEDU |b BIBEDU |d 2019-11-21 |i 3829715 |o 370.15 ALD 2000 |p 3829715 |r 2019-11-21 |w 2019-11-21 |y BK |k EPE | ||
| 952 | |0 0 |1 0 |4 0 |6 370_150000000000000_ALD_2000 |7 0 |8 A |9 359342 |a BIBEDU |b BIBEDU |d 2019-11-21 |i 407064K |o 370.15 ALD 2000 |p 407064K |r 2019-11-21 |w 2019-11-21 |y BK |k EBA | ||